Statistics for Top 15 Countries with Covid-19 Cases - 15 June

Click here to take the quiz!

General Stats

  • This quiz has been taken 19 times
  • The average score is 18 of 27

Answer Stats

country% Correct
India
95%
Russia
95%
United Kingdom
95%
United States
95%
Brazil
89%
Italy
89%
Mexico
89%
Spain
89%
France
84%
Iran
84%
Belgium
79%
Germany
79%
Sweden
79%
Peru
74%
Chile
68%
Chile
68%
Turkey
68%
Ireland
63%
Pakistan
63%
Bahrain
53%
Qatar
53%
Kuwait
37%
Oman
37%
Singapore
37%
Panama
32%
Armenia
26%
Belarus
26%

Score Distribution

Percentile by Number Answered

Percent of People with Each Score

Your Score History

You have not taken this quiz